| 000 -ლიდერი |
| ფიქსირებული სიგრძის საკონტროლო ველი |
01453nam a22001817a 4500 |
| 003 - საკონტროლო ნომრის იდენტიფიკატორი |
| საკონტროლო ველი |
Ge_BSU |
| 005 - ბოლო ოპერაციის თარიღი და დრო |
| საკონტროლო ველი |
20231027152027.0 |
| 008 - ფიქსირებული სიგრძის მონაცემთა ელემენტები - ზოგადი ინფორმაცია |
| ფიქსირებული სიგრძის საკონტროლო ველი |
231027s2023 ge ||||| |||| 00| 0 geo d |
| 041 ## - ენის კოდი |
| Language code of text/sound track or separate title |
geo |
| 080 ## - უნივერსალური ათობითი კლასიფიკაციის ინდექსი |
| Universal Decimal Classification number |
634+664 მ-74 |
| 100 ## - მთავარი ჩანაწერი - პიროვნების სახელი |
| Personal name |
მიქელაზე, ზურაბ |
| 9 (RLIN) |
20253 |
| 245 ## - ცნობა სათაურის შესახებ |
| Title |
ხილ ბოსტნეულის გადამუშავების პროდუქტების ანოტაციები / |
| Statement of responsibility, etc |
ზურაბ მიქელაძე, დოდო აბულაძე; ბსუ. აგრარული და მემბრანული ტექნოლოგიების ინსტიტუტი. კვების პროდუქტების წარმოებისა და გადამუშავების ტექნოლოგიების განყოფილება. |
| 264 ## - წარმოების, გამოცემის, დისტრიბუციის და სხვა ცნობები |
| გამოცემის, წარმოების, დისტრიბუციის... ადგილი |
ბათუმი : |
| გამოცემის, წარმოების, დისტრიბუციის... სახელწოდება |
ბეტა პრინტი, |
| გამოცემის, წარმოების, დისტრიბუციის... თარიღი |
2023. |
| 300 ## - ფიზიკური აღწერა |
| Extent |
64 გვ.; |
| Other physical details |
20 სმ. |
| 700 ## - ADDED ENTRY--PERSONAL NAME |
| Personal name |
აბულაძე, დოდო |
| 9 (RLIN) |
20254 |
| 710 ## - ADDED ENTRY--CORPORATE NAME |
| Corporate name or jurisdiction name as entry element |
ბსუ. აგრარული და მემბრანული ტექნოლოგიების ინსტიტუტი. |
| Subordinate unit |
კვების პროდუქტების წარმოებისა და გადამუშავების ტექნოლოგიების განყოფილება. |
| 9 (RLIN) |
20255 |
| 942 ## - ADDED ENTRY ELEMENTS (KOHA) |
| Source of classification or shelving scheme |
|
| Koha item type |
წიგნი |